=LDR 00000nam 2200000 4500 =001 INLIS000000000042789 =005 20140328171908.0 =006 =007 =008 Ind =035 ##$$0010-101300000000711 =041 ##$$a Ind =082 ##$$a 615 =090 ##$$a 615, Ipa s =100 ##$$a Ipang Djunarko =245 ##$$a Swamedikasi yang baik dan benar, Ipang Djunarko =260 ##$$a Yogyakarta $b Citra Aji Parama $c 2011 =300 ##$$a v, 88 hlm., ilus, 25 cm =650 ##$$a Farmakologi =700 ##$$a Yosephine Dian H =850 ##$$a NBPNMAT =990 ##$$a 92113/BPAP-NTB/2014 =990 ##$$a 0001/BPAP-NTB/2015 =990 ##$$a 0001/BPAP-NTB/2016